Новации и инновации в образовании (Запись № 1276706)

Подробности
000 -МАРКЕР
контрольное поле 02255nam0a2200397 4500
001 - ИДЕНТИФИКАТОР ЗАПИСИ
контрольное поле RU\NLR\bibl\1418101
005 - ИДЕНТИФИКАТОР ВЕРСИИ
контрольное поле 20260407091203.0
010 ## - МЕЖДУНАРОДНЫЙ СТАНДАРТНЫЙ НОМЕР КНИГИ (ISBN)
Номер (ISBN) 978-5-89966-877-7
Тираж 500
021 ## - НОМЕР ГОСУДАРСТВЕННОЙ РЕГИСТРАЦИИ
Код страны Российская Федерация
Номер 2009-57613
Номер Листа государственной регистраци 3554
035 ## - ДРУГИЕ СИСТЕМНЫЕ НОМЕРА
Идентификатор записи (nilc)RSL-KNO-004357009
035 ## - ДРУГИЕ СИСТЕМНЫЕ НОМЕРА
Идентификатор записи (NLR Aleph) 001410055
100 ## - ДАННЫЕ ОБЩЕЙ ОБРАБОТКИ
Данные общей обработки 20090709d2009 |||y0rusy50 ca
101 0# - ЯЗЫК РЕСУРСА
Язык текста, звукозаписи и т.д. русский
102 ## - СТРАНА ПУБЛИКАЦИИ ИЛИ ПРОИЗВОДСТВА
Страна публикации Российская Федерация
105 ## - ПОЛЕ КОДИРОВАННЫХ ДАННЫХ: ТЕКСТОВЫЕ МАТЕРИАЛЫ, МОНОГРАФИЧЕСКИЕ
Кодированные данные о монографическом текстовом документе y zzzz|||||
200 1# - ЗАГЛАВИЕ И СВЕДЕНИЯ ОБ ОТВЕТСТВЕННОСТИ
Основное заглавие Новации и инновации в образовании
Сведения, относящиеся к заглавию монография
Первые сведения об ответственности [Горбунов А.П., Давыдов Ю.С., Федорченко Е.Н. и др.
Последующие сведения об ответственности редкол.: Давыдов Ю.С. и др.]
-- Федеральное агентство по образованию, Гос. образовательное учреждение высш. проф. образования Пятигорский гос. лингвистический ун-т"
210 ## - ПУБЛИКАЦИЯ, РАСПРОСТРАНЕНИЕ И ДР.
Место издания, распространения и т.д. Пятигорск
Имя издателя, распространителя и т. д. ПГЛУ
Дата издания, распространения и т.д. 2009
215 ## - ФИЗИЧЕСКАЯ ХАРАКТЕРИСТИКА
Специфическое обозначение материала и объем 195 с.
Другие сведения о физической характеристике табл.
Размеры 21
300 ## - ОБЩИЕ ПРИМЕЧАНИЯ
Текст примечания Авт. указаны в содерж.
320 ## - ПРИМЕЧАНИЯ О НАЛИЧИИ В ДОКУМЕНТЕ БИБЛИОГРАФИИ / УКАЗАТЕЛЯ
Текст примечания Библиогр. в конце ст.
606 1# - НАИМЕНОВАНИЕ ТЕМЫ КАК ПРЕДМЕТ
Наименование темы Инновации педагогические
Формальный подзаголовок Сборники
Системный номер авторитетной/нормативной записи 2078601
Идентификатор авторитетной/нормативной записи RU\NLR\auth\661254463
686 ## - ИНДЕКСЫ ДРУГИХ КЛАССИФИКАЦИЙ
Индекс Ч481,6(2)2,0
Код системы
686 ## - ИНДЕКСЫ ДРУГИХ КЛАССИФИКАЦИЙ
Индекс Ч491,6(2)3,0
Код системы
686 ## - ИНДЕКСЫ ДРУГИХ КЛАССИФИКАЦИЙ
Индекс Ч312я43
701 #1 - ИМЯ ЛИЦА - АЛЬТЕРНАТИВНАЯ ОТВЕТСТВЕННОСТЬ
Код отношения Автор
Материалы, к которым относится поле rus
Графика поля Кириллица
Начальный элемент ввода Горбунов
Часть имени, кроме начального элемента ввода А. П.
Дополнения к именам, кроме дат канд. ист. наук
Расширение инициалов личного имени Александр Павлович
Даты 1959-
Идентификатор авторитетной/нормативной записи RU\NLR\auth\7771588
Системный номер авторитетной/нормативной записи 54516
701 #1 - ИМЯ ЛИЦА - АЛЬТЕРНАТИВНАЯ ОТВЕТСТВЕННОСТЬ
Код отношения Автор
Материалы, к которым относится поле rus
Графика поля Кириллица
Начальный элемент ввода Давыдов
Часть имени, кроме начального элемента ввода Ю. С.
Даты 1937-
Дополнения к именам, кроме дат д-р экон. наук, политолог
Расширение инициалов личного имени Юрий Степанович
Идентификатор авторитетной/нормативной записи RU\NLR\auth\7735782
Системный номер авторитетной/нормативной записи 18778
701 #1 - ИМЯ ЛИЦА - АЛЬТЕРНАТИВНАЯ ОТВЕТСТВЕННОСТЬ
Код отношения Автор
Материалы, к которым относится поле rus
Графика поля Кириллица
Начальный элемент ввода Федорченко
Часть имени, кроме начального элемента ввода Е. Н.
Даты 1966-
Расширение инициалов личного имени Евгений Николаевич
Идентификатор авторитетной/нормативной записи RU\NLR\auth\77103216
Системный номер авторитетной/нормативной записи 86142
702 #1 - ИМЯ ЛИЦА - ВТОРИЧНАЯ ОТВЕТСТВЕННОСТЬ
Код отношения Редактор
Материалы, к которым относится поле rus
Графика поля Кириллица
Начальный элемент ввода Давыдов
Часть имени, кроме начального элемента ввода Ю. С.
Даты 1937-
Дополнения к именам, кроме дат д-р экон. наук, политолог
Расширение инициалов личного имени Юрий Степанович
Идентификатор авторитетной/нормативной записи RU\NLR\auth\7735782
Системный номер авторитетной/нормативной записи 18778
712 02 - НАИМЕНОВАНИЕ ОРГАНИЗАЦИИ - ВТОРИЧНАЯ ОТВЕТСТВЕННОСТЬ
Код отношения Прочие
Начальный элемент ввода Пятигорский государственный лингвистический университет
Идентификатор авторитетной/нормативной записи RU\NLR\AUTH\8815781
Системный номер авторитетной/нормативной записи 304695
801 #0 - ИСТОЧНИК ЗАПИСИ
Страна Российская Федерация
Организация РКП
Дата составления 20090709
Правила каталогизации rcr
801 #1 - ИСТОЧНИК ЗАПИСИ
Страна Российская Федерация
Организация РГБ
Дата составления 20090709
801 #2 - ИСТОЧНИК ЗАПИСИ
Страна Российская Федерация
Организация NLR
Дата составления 20090930
Правила каталогизации rcr
942 ## - ДОПОЛНИТЕЛЬНЫЕ ЭЛЕМЕНТЫ ЗАПИСИ (АБИС)
Тип экземпляра АБИС Книга
980 ## - КОЛЛЕКЦИЯ
Название коллекции Национальная библиография
Экземпляры
Тип экземпляра Дата поступления Источник поступления Библиотека постоянного хранения Библиотека текущего хранения Место хранения Шифр хранения Штрих-код Статус экземпляра
Книга 30.09.2009 Обязательный экземпляр РНБ (Московский) РНБ (Московский) Русский книжный фонд: издания с 1957 года 2009-3/30615 3004202  
Книга 30.09.2009 Обязательный экземпляр РНБ (Московский) РНБ (Московский) Русский книжный фонд: издания с 1957 года 2009-3/30615 3004203